LEADER 00687nam0-22002891i-450- 001 990003250150403321 005 20001010 035 $a000325015 035 $aFED01000325015 035 $a(Aleph)000325015FED01 035 $a000325015 100 $a20000920d1943----km-y0itay50------ba 101 0 $aita 105 $ay-------001yy 200 1 $aAZIMUTDIAGRAMME 210 $aHamburg$cs.e.$d1943 215 $app. 610 0 $aOpere di Cartografia 676 $a020.002 801 0$aIT$bUNINA$gRICA$2UNIMARC 901 $aBK 912 $a990003250150403321 952 $a020.002.AZI$fDECGE 959 $aDECGE 996 $aAZIMUTDIAGRAMME$9450209 997 $aUNINA DB $aING01 LEADER 00861nam0 22002411i 450 001 UON00102964 005 20231205102601.905 100 $a20020107d1974 |0itac50 ba 101 $aeng 102 $aDE 105 $a|||| 1|||| 200 1 $aEarly South Italian Vase-Painting$fA.D. Trendall 210 $aMainz$cPhilipp von Zabern$d1974 215 $a1 v.$d23 cm 620 $aAT$dWien$3UONL003140 700 1$aTRENDALL$bArthur Dale$3UONV056511$0214760 712 $aZabern$3UONV245861$4650 801 $aIT$bSOL$c20240220$gRICA 899 $aSIBA - SISTEMA BIBLIOTECARIO DI ATENEO$2UONSI 912 $aUON00102964 950 $aSIBA - SISTEMA BIBLIOTECARIO DI ATENEO$dSI K 036 $eSI MC 205 7 996 $aEarly south Italian vase-painting$9282621 997 $aUNIOR